Lo femenino y lo eterno /

Guardado en:
Detalles Bibliográficos
Otros autores: Beloff, Angelina (autor) (autor)
Formato: Libro
Idioma:Español
Publicado: México : Industrias Resistol, 1981
Etiquetas: Agrega una etiqueta
Sin etiquetas, Sé el primero en etiquetar este registro!

MARC

LEADER 00000nam^a2200000^a^4500
001 000431069
005 20250526000000.0
009 20260310122939.339
037 |a Acervo ITESO - Biblioteca 
041 |a ESP 
091 |a FHM. 05338 
245 0 0 |a Lo femenino y lo eterno / 
264 1 |a México :  |b Industrias Resistol,  |c 1981 
300 |a [60] p. ;  |c 22.0 cm. 
336 |a texto  |b txt  |2 rdacontenido 
337 |a sin mediación  |b n  |2 rdamedio 
338 |a volumen  |b nc  |2 rdasoporte 
649 |a XX 
700 |a Beloff, Angelina  |e (autor) 
910 |a Fondo Hugo B. Margáin 
920 |a Impresos - Libros 
930 |a Libros Antiguos y Raros 
905 |a 126 
901 |a 0500317328  |b IT2  |c LRA  |i D  |u 20250526 
902 |a https://opac.biblio.iteso.mx/vufind/Record/000431069